000
00297nam a2200121Ia 4500
008
240624s9999 xx 000 0 und d
041
_a
eng
082
_a
658.4 DAL
100
_a
DALESSANDRO DAVID F
245
_a
EXECUTIVE WARFARE
260
_c
2008
_a
New Delhi
_b
Tata McGraw-Hill
365
_c
RS
_b
33
999
_c
25960
_d
25960